Education and Training in Sri Lanka: (An Asian Development Bank Sponsored Project) (Record no. 1799)

MARC details
000 -LEADER
fixed length control field 004610000a22001330004500
005 - DATE AND TIME OF LATEST TRANSACTION
control field 20231213122347.0
008 - FIXED-LENGTH DATA ELEMENTS--GENERAL INFORMATION
fixed length control field 230817t1989 ||||| |||| 00| 0 eng d
082 ## - DEWEY DECIMAL CLASSIFICATION NUMBER
Classification number 370.954
Item number EDU
942 ## - ADDED ENTRY ELEMENTS (KOHA)
Item Type Reports
245 ## - TITLE STATEMENT
Title Education and Training in Sri Lanka: (An Asian Development Bank Sponsored Project)
Sub Title Overview:
Number of Part Vol. 1
260 ## - PUBLICATION, DISTRIBUTION, ETC. (IMPRINT)
Place of Publication New Delhi:
Name of Publisher Educational Consultants India Limited,
Date of Copyright 1989
300 ## - PHYSICAL DESCRIPTION
Extent xl, 358 p.
Physical Details Bibliography included
650 ## - SUBJECT ADDED ENTRY--TOPICAL TERM
Topical Term EDUCATION-Sri Lanka
Holdings
Withdrawn status Lost status Source of classification or shelving scheme Damaged status Not for loan Permanent location Current location Date acquired Total Checkouts Full call number Barcode Date last seen Price effective from Koha item type
    Dewey Decimal Classification     Resource center, Muslim Women's Research And Action Forum Resource center, Muslim Women's Research And Action Forum 2023-08-17   370.954 EDU RAF4409 2023-08-17 2023-08-17 Reports

Copyright © 2023 Muslim Women's Research and Action Forum (MWRAF), No 27/3, Anderson Road, Kalubowila, Dehiwela. Funded by The Asia Fundation